000
00285nam a2200097Ia 4500
001
1139260
005
20250827005301.0
008
250824s9999 xx 000 0 und d
245
0
_a
ASILI DAĞ IN KAHİNİ •J2 ¨289
_c
VLADİMİR TUMANOV
260
_b
GÜNIŞIĞI KİTAPLIĞI YAYINLARI
999
_c
1139260
_d
1139260